000 00346nam a2200133Ia 4500
008 230917s9999||||xx |||||||||||||| ||und||
040 _e54835
_aMAIN
041 _aEnglish
082 _a301.04 D74P
100 _aDoshi, Shambhulal
245 0 _aPramukh samajshastriya vicharak: Camte se Marton tak
260 _aJaipur
_bRawat
_c2001
942 _cBK
999 _c93335
_d93335